Κατάλογος Βιβλιοθηκών Mediterranean College

Beyond the Tyranny of Contemporary Architecture / Wanderings of an Architect-Composer in the Real World (Record no. 2071)

MARC details
000 -LEADER
fixed length control field 01041cam a22001934a 4500
005 - ΗΜΕΡΟΜΗΝΙΑ ΚΑΙ ΩΡΑ ΤΕΛΕΥΤΑΙΑΣ ΕΝΗΜΕΡΩΣΗΣ
Πεδίο ελέγχου 20250605164030.0
008 - FIXED-LENGTH DATA ELEMENTS--GENERAL INFORMATION
Πεδίο ελέγχου σταθερού μήκους 250528s ||||||||||||||||||||||||d
035 ## - SYSTEM CONTROL NUMBER
System control number 16586
020 ## - ISBN
ISBN 9607453115
040 ## - ΠΗΓΗ ΚΑΤΑΛΟΓΟΓΡΑΦΗΣΗΣ
Φορέας πρωτότυπης καταλογογράφησης MC Athens Campus Library
Γλώσσα καταλογογράφησης Ελληνικά, Μοντέρνα (1453-)
Modifying agency MC Athens Campus Library
Κανόνες περιγραφικής καταλογογράφησης AACR2
245 1# - ΤΙΤΛΟΣ ΚΑΙ ΔΗΛΩΣΗ ΥΠΕΥΘΥΝΟΤΗΤΑΣ
Τίτλος Beyond the Tyranny of Contemporary Architecture / Wanderings of an Architect-Composer in the Real World
260 ## - PUBLICATION, DISTRIBUTION, ETC.
Name of publisher, distributor, etc. Four Seasons,
Date of publication, distribution, etc. 2004
300 ## - PHYSICAL DESCRIPTION
Extent 144
520 ## - SUMMARY, ETC.
Summary, etc. A critical view of the life and reality, which we all share and live in nowadays. Prologue, ''Where is One's Conscience'', ''Clever'' Bombs and ''Clever'' Homes, The City of Speed - The City of Destruction, The Architecture of the Confused, The Dance of the ''Right Angle'' is Continued, Architectural Education Today and Tomorrow, The Four Journeys of a New Architecture, Forms and Colors, Interview for a Humane Architecture, Suggested Bibliography, Brief Curriculum Vitae, Appendix - Greek Translation.
700 1# - ΠΡΟΣΘΕΤΗ ΑΝΑΓΡΑΦΗ--ΦΥΣΙΚΟ ΠΡΟΣΩΠΟ
Personal name Alexiou Takis Prof. Dr.
9 (RLIN) 2677
942 ## - ADDED ENTRY ELEMENTS (KOHA)
Koha item type Books
Holdings
Τύπος τεκμηρίου Βιβλιοθήκη Τρέχουσα τοποθεσία Barcode Αριθμός εισαγωγής Ημερομηνία απόκτησης Ταξιθετικό σύμβολο Αριθμός αντιτύπου Κατάσταση απόσυρσης Κατάσταση χαμένου Κατάσταση κατεστραμμένου Μη δανεισμός Σύνολο δανεισμών Ημερομηνία τελευταίας εμφάνισης Η τιμή ισχύει από
Books MC Athens Campus Library MC Athens Campus Library 9780000020703 4292 05/06/2025 724.6 ALE 1           05/06/2025 05/06/2025

MC Athens Campus Library
Πατησίων 94 & Κοδριγκτώνος 13, 104 34
Πελλήνης 8 & Πατησίων 107, 112 51
Τ: +30 210 8899600

MC Thessaloniki Campus Library
Ίωνος Δραγούμη 21, 54625 | Ίωνος Δραγούμη 15, 54625
Τ: +30 2310 287779 – Τ: +30 2314 440300